|
|
|
|
| LEADER |
00000nam0a2200000 4500 |
| 001 |
67613 |
| 005 |
20231031073706.0 |
| 010 |
|
|
|a 5851291753
|
| 035 |
|
|
|a (RuTPU)RU\TPU\book\71993
|
| 090 |
|
|
|a 67613
|
| 100 |
|
|
|a 20040917d2004 km y0rusy50 ca
|
| 101 |
0 |
|
|a rus
|
| 102 |
|
|
|a RU
|
| 105 |
|
|
|a y j 001zy
|
| 200 |
1 |
|
|a Основы управления библиотекой высшего учебного заведения
|e Научно-практическое пособие
|f В. Г. Дригайло, Е. В. Башун, В. Н. Волынец
|
| 205 |
|
|
|a 2-е изд., перераб. и доп.
|
| 210 |
|
|
|a Москва
|c Либерея
|d 2004
|
| 215 |
|
|
|a 328 с.
|
| 225 |
1 |
|
|a Приложение к журналу "Библиотека"
|
| 320 |
|
|
|a Библиогр.: с. 292-323.
|
| 610 |
1 |
|
|a библиотеки
|
| 610 |
1 |
|
|a библиотековедение
|
| 610 |
1 |
|
|a вузовские библиотеки
|
| 610 |
1 |
|
|a управление
|
| 610 |
1 |
|
|a практические пособия
|
| 686 |
|
|
|a Ч734(2)718я7
|v LBC/SL-A
|2 rubbk
|
| 686 |
|
|
|a Ч737я7
|v LBC/SL-A
|2 rubbk
|
| 700 |
|
1 |
|a Дригайло
|b В. Г.
|
| 701 |
|
1 |
|a Башун
|b Е. В.
|
| 701 |
|
1 |
|a Волынец
|b В. Н.
|
| 801 |
|
1 |
|a RU
|b 63413507
|c 20040917
|g PSBO
|
| 801 |
|
2 |
|a RU
|b 63413507
|c 20161215
|g PSBO
|
| 942 |
|
|
|c BK
|